[Event "New York Fall GM-A"]
[Site "New York"]
[Date "2024.11.11"]
[Round "8"]
[White "Hardaway, Brewington"]
[Black "Nyzhnyk, Illya"]
[Result "1/2-1/2"]
[WhiteElo "2490"]
[BlackElo "2576"]
[PlyCount "30"]
[EventDate "2024.11.07"]
[EventType "tourn"]
[EventRounds "9"]
[EventCountry "USA"]
[EventCategory "8"]
[SourceTitle "CB45_2024"]
[Source "ChessBase"]
[SourceDate "2024.11.06"]
[SourceVersion "1"]
[SourceVersionDate "2024.11.06"]
[SourceQuality "1"]

1. e4 e6 2. d4 d5 3. Nd2 dxe4 4. Nxe4 Nd7 5. Nf3 Ngf6 6. Nxf6+ Nxf6 7. Ne5 Nd7 8. Bf4 Nxe5 9. Bxe5 f6 10. Bg3 c5 11. dxc5 Qxd1+ 12. Rxd1 Bxc5 13. Bd6 Bxd6 14. Rxd6 Ke7 15. Rd2 e5 1/2-1/2

[Event "New York Fall GM-A"]
[Site "New York"]
[Date "2024.11.10"]
[Round "6"]
[White "Hardaway, Brewington"]
[Black "Rozman, Levy"]
[Result "1/2-1/2"]
[WhiteElo "2490"]
[BlackElo "2347"]
[PlyCount "96"]
[EventDate "2024.11.07"]
[EventType "tourn"]
[EventRounds "9"]
[EventCountry "USA"]
[EventCategory "8"]
[SourceTitle "CB45_2024"]
[Source "ChessBase"]
[SourceDate "2024.11.06"]
[SourceVersion "1"]
[SourceVersionDate "2024.11.06"]
[SourceQuality "1"]

1. Nf3 d5 2. g3 Bg4 3. Bg2 e6 4. 0-0 Nf6 5. h3 Bh5 6. c4 c6 7. d4 Be7 8. Nc3 0-0 9. Ne5 Nfd7 10. Nd3 dxc4 11. Nf4 Bg6 12. h4 e5 13. Nxg6 hxg6 14. d5 Nb6 15. a4 a5 16. Be3 Ra6 17. dxc6 bxc6 18. Qc2 Nd5 19. Nxd5 cxd5 20. Rfd1 d4 21. Qxc4 Rb6 22. Bd2 Bb4 23. e3 Qd7 24. Bxb4 Rxb4 25. Qc5 Rxa4 26. exd4 Rxd4 27. Re1 f6 28. Rxa5 Rc8 29. Qb6 Nc6 30. Ra6 Nd8 31. Ra7 Qd6 32. Qb3+ Kh7 33. h5 Qb8 34. hxg6+ Kxg6 35. Qa3 Rc7 36. Ra8 Qb6 37. Qe3 Qxb2 38. Be4+ Kf7 39. Qf3 Rc1 40. Ra7+ Kf8 41. Qh5 Rxe1+ 42. Kg2 Qb3 43. Bf3 Rc1 44. Qg6 Qg8 45. Bh5 Qd5+ 46. Bf3 Qg8 47. Bh5 Qd5+ 48. Bf3 Qg8 1/2-1/2

[Event "New York Fall GM-A"]
[Site "New York"]
[Date "2024.11.09"]
[Round "4"]
[White "Hardaway, Brewington"]
[Black "Griffith, Kyron"]
[Result "1-0"]
[WhiteElo "2490"]
[BlackElo "2407"]
[PlyCount "161"]
[EventDate "2024.11.07"]
[EventType "tourn"]
[EventRounds "9"]
[EventCountry "USA"]
[EventCategory "8"]
[SourceTitle "CB45_2024"]
[Source "ChessBase"]
[SourceDate "2024.11.06"]
[SourceVersion "1"]
[SourceVersionDate "2024.11.06"]
[SourceQuality "1"]

1. Nf3 Nf6 2. c4 e6 3. g3 d5 4. Bg2 Be7 5. 0-0 0-0 6. d4 dxc4 7. Qa4 a6 8. Qxc4 b5 9. Qc2 Bb7 10. Bd2 h6 11. Rd1 Bd6 12. Bf4 Bxf4 13. gxf4 Nbd7 14. Nbd2 Rc8 15. Nb3 Qe7 16. Rac1 Be4 17. Qd2 Rfd8 18. Qa5 Nd5 19. e3 Qb4 20. a3 Qxb3 21. Nd2 Qxb2 22. Bxe4 b4 23. Bxd5 exd5 24. axb4 Nb6 25. Rb1 Qc2 26. Qxa6 Ra8 27. Qf1 Rd6 28. Rbc1 Rg6+ 29. Kh1 Qf5 30. Qe2 Ra2 31. Qf3 Qd3 32. Nc4 dxc4 33. Rxd3 cxd3 34. f5 Rd6 35. Rd1 Nc4 36. Kg2 d2 37. Qe4 Rda6 38. b5 Ra8 39. Qd3 Nb2 40. Qxd2 Nxd1 41. Qxd1 Rb2 42. Qf3 Rb8 43. Qc6 R2xb5 44. Qxc7 R5b7 45. Qe5 f6 46. Qe6+ Kh7 47. e4 Rd8 48. d5 Rbd7 49. Kf3 Rd6 50. Qf7 R6d7 51. Qg6+ Kh8 52. Ke3 Re7 53. Kf4 Red7 54. f3 Re7 55. Qg1 Kh7 56. Qc5 Red7 57. Ke3 Ra8 58. Kf4 Rad8 59. Qb5 Ra7 60. Qb6 Rad7 61. Kg3 Rd6 62. Qc5 R6d7 63. Kg4 Rd6 64. Kg3 R6d7 65. Kf2 Rd6 66. Ke3 Ra6 67. Qe7 Rda8 68. d6 Ra3+ 69. Kf4 Rb8 70. d7 Raa8 71. Kg4 Rf8 72. f4 Kh8 73. e5 fxe5 74. fxe5 Rfb8 75. Kh5 Kh7 76. f6 Rg8 77. Kg4 Kg6 78. fxg7 Rgb8 79. Qf6+ Kh7 80. Kh5 Kg8 81. Kg6 1-0

[Event "New York Fall GM-A"]
[Site "New York"]
[Date "2024.11.08"]
[Round "2"]
[White "Hardaway, Brewington"]
[Black "Kaliksteyn, Alexander"]
[Result "1-0"]
[WhiteElo "2490"]
[BlackElo "2344"]
[PlyCount "75"]
[EventDate "2024.11.07"]
[EventType "tourn"]
[EventRounds "9"]
[EventCountry "USA"]
[EventCategory "8"]
[SourceTitle "CB45_2024"]
[Source "ChessBase"]
[SourceDate "2024.11.06"]
[SourceVersion "1"]
[SourceVersionDate "2024.11.06"]
[SourceQuality "1"]

1. e4 c5 2. Nf3 d6 3. d4 cxd4 4. Nxd4 Nf6 5. Nc3 a6 6. Bc4 e6 7. Be3 Qc7 8. Bb3 Nbd7 9. Qe2 Nc5 10. f3 b5 11. a3 Rb8 12. g4 b4 13. axb4 Rxb4 14. 0-0 Be7 15. Qd2 Rb8 16. Rab1 Nxb3 17. cxb3 Qb7 18. Rfc1 0-0 19. Nce2 Bd7 20. Ng3 Rfc8 21. g5 Ne8 22. Rc3 g6 23. f4 Bd8 24. Qf2 e5 25. fxe5 dxe5 26. Nf3 Qb5 27. Rbc1 Be6 28. Bc5 Bxb3 29. Nxe5 Bxg5 30. Rf1 Nf6 31. Bd4 Re8 32. Rc5 Qb7 33. Nxg6 Ng4 34. Qf3 Qd7 35. Nf5 Nh6 36. Ne5 Rxe5 37. Nxh6+ Bxh6 38. Qg3+ 1-0

[Event "New York Fall GM-A"]
[Site "New York"]
[Date "2024.11.08"]
[Round "3"]
[White "Williams, Justus D"]
[Black "Hardaway, Brewington"]
[Result "0-1"]
[WhiteElo "2355"]
[BlackElo "2490"]
[PlyCount "112"]
[EventDate "2024.11.07"]
[EventType "tourn"]
[EventRounds "9"]
[EventCountry "USA"]
[EventCategory "8"]
[SourceTitle "CB45_2024"]
[Source "ChessBase"]
[SourceDate "2024.11.06"]
[SourceVersion "1"]
[SourceVersionDate "2024.11.06"]
[SourceQuality "1"]

1. e4 e5 2. Nf3 Nc6 3. Bc4 Bc5 4. c3 Nf6 5. d3 d6 6. Nbd2 a5 7. h3 0-0 8. Bb3 Be6 9. Bc2 Ba7 10. Nf1 d5 11. exd5 Nxd5 12. Ng3 f6 13. 0-0 Qd7 14. Re1 Rfe8 15. Bd2 Rad8 16. Re2 Kh8 17. Qf1 g5 18. Ree1 Qf7 19. Ba4 Rg8 20. Nh2 Nf4 21. Bxc6 bxc6 22. Be3 Bb6 23. Rad1 Bxa2 24. Ng4 Qg6 25. Ne4 Rgf8 26. Bc5 Bxc5 27. Nxc5 h5 28. Ne3 g4 29. Kh2 Rg8 30. c4 a4 31. g3 Nxh3 32. Ng2 Bb3 33. Nh4 Qh6 34. Nxb3 axb3 35. d4 Qg5 36. dxe5 Rxd1 37. Rxd1 Qxe5 38. Rd2 Ng5 39. Qd3 f5 40. Re2 Qf6 41. Qd2 Rd8 42. Qf4 Ne6 43. Qxf5 Qxf5 44. Nxf5 Ng5 45. Nh4 Rd4 46. Re5 Nh3 47. Rxh5+ Kg8 48. Nf3 Rxc4 49. Ne5 Rc2 50. Nxg4 Nxf2 51. Rg5+ Kh7 52. Nxf2 Rxf2+ 53. Kh3 Rxb2 54. Re5 Rc2 55. Re7+ Kg6 56. Rxc7 Rc5 0-1

[Event "New York Fall GM-A"]
[Site "New York"]
[Date "2024.11.07"]
[Round "1"]
[White "Can, Isik"]
[Black "Hardaway, Brewington"]
[Result "1/2-1/2"]
[WhiteElo "2508"]
[BlackElo "2490"]
[PlyCount "35"]
[EventDate "2024.11.07"]
[EventType "tourn"]
[EventRounds "9"]
[EventCountry "USA"]
[EventCategory "8"]
[SourceTitle "CB45_2024"]
[Source "ChessBase"]
[SourceDate "2024.11.06"]
[SourceVersion "1"]
[SourceVersionDate "2024.11.06"]
[SourceQuality "1"]

1. Nf3 d5 2. g3 c5 3. c4 d4 4. b4 cxb4 5. a3 bxa3 6. Bxa3 Nc6 7. d3 g6 8. Bg2 Bg7 9. Nbd2 Nf6 10. 0-0 0-0 11. Nb3 Re8 12. Nfd2 Qc7 13. Rb1 Nd7 14. e3 dxe3 15. fxe3 Nf6 16. d4 Bg4 17. Qe1 Rad8 18. h3 1/2-1/2

[Event "Barcelona Sants op 25th"]
[Site "Barcelona"]
[Date "2024.08.28"]
[Round "6"]
[White "Hardaway, Brewington"]
[Black "Vetokhin, Savva"]
[Result "1/2-1/2"]
[WhiteElo "2471"]
[BlackElo "2493"]
[PlyCount "110"]
[EventDate "2024.08.23"]
[EventType "swiss"]
[EventRounds "10"]
[EventCountry "ESP"]
[SourceTitle "CBM 221 Extra"]
[Source "ChessBase"]
[SourceDate "2024.09.30"]
[SourceVersion "1"]
[SourceVersionDate "2024.09.30"]
[SourceQuality "1"]

1. e4 c5 2. Nf3 Nc6 3. Bb5 e6 4. Bxc6 bxc6 5. b3 Ne7 6. e5 Ng6 7. Qe2 Be7 8. 0-0 f6 9. Bb2 0-0 10. d3 d6 11. exd6 Qxd6 12. Nbd2 e5 13. Rfe1 Nf4 14. Qe4 Qd5 15. g3 Ne6 16. Nc4 Rd8 17. Rad1 Nd4 18. Nxd4 cxd4 19. c3 Qxe4 20. dxe4 Bg4 21. Rd2 c5 22. Ba3 Kf7 23. cxd4 cxd4 24. Bxe7 Kxe7 25. f4 Be6 26. fxe5 Bxc4 27. exf6+ Kxf6 28. bxc4 Rac8 29. Rf1+ Ke5 30. Rf7 Rxc4 31. Re7+ Kf6 32. Rxa7 d3 33. Ra5 Rc2 34. Rf5+ Ke6 35. Rd1 Rb8 36. Rd5 Rbb2 37. R5xd3 Rg2+ 38. Kf1 Rxh2 39. Kg1 Rbg2+ 40. Kf1 Rxa2 41. Kg1 Rhe2 42. Rf3 Rxe4 43. Rf2 Ra3 44. Kh2 Ree3 45. Rg2 h5 46. Rd8 Ke7 47. Rd5 g6 48. Rb5 Kf6 49. Rf2+ Kg7 50. Rg2 Kh6 51. Rc5 Ra1 52. g4 hxg4 53. Rxg4 Ra2+ 54. Rg2 Rxg2+ 55. Kxg2 g5 1/2-1/2

[Event "Barcelona Sants op 25th"]
[Site "Barcelona"]
[Date "2024.08.24"]
[Round "2"]
[White "Hardaway, Brewington"]
[Black "Lorscheid, Gerhard"]
[Result "1-0"]
[WhiteElo "2471"]
[BlackElo "2142"]
[PlyCount "93"]
[EventDate "2024.08.23"]
[EventType "swiss"]
[EventRounds "10"]
[EventCountry "ESP"]
[SourceTitle "CBM 221 Extra"]
[Source "ChessBase"]
[SourceDate "2024.09.30"]
[SourceVersion "1"]
[SourceVersionDate "2024.09.30"]
[SourceQuality "1"]

1. e4 d6 2. d4 Nf6 3. Nc3 e5 4. Nge2 exd4 5. Nxd4 Be7 6. Bf4 0-0 7. Qd2 Nc6 8. 0-0-0 Nxd4 9. Qxd4 Be6 10. f3 a6 11. g4 b5 12. Kb1 c5 13. Qd2 b4 14. Nd5 Nxd5 15. exd5 Bd7 16. h4 a5 17. g5 Bf5 18. Bd3 Qd7 19. h5 a4 20. Rde1 Rfe8 21. Bxf5 Qxf5 22. Re4 Bf8 23. Qe3 Rxe4 24. fxe4 Qg4 25. h6 g6 26. Rg1 Qd7 27. Rf1 Re8 28. Qf3 Qb7 29. Bg3 Qd7 30. Kc1 Re7 31. Re1 Qh3 32. Rh1 Qd7 33. Re1 Qh3 34. Kb1 Re8 35. Ka1 Re7 36. Rh1 Qd7 37. Rf1 Re8 38. Bf4 Qb7 39. Bd2 Qd7 40. c3 a3 41. bxa3 bxa3 42. c4 Qe7 43. Bc3 Rb8 44. Qf4 Rb7 45. Re1 Qd8 46. e5 Be7 47. exd6 1-0

[Event "Washington op 11th"]
[Site "Rockville"]
[Date "2024.08.12"]
[Round "6"]
[White "Hardaway, Brewington"]
[Black "Ghaem Maghami, Ehsan"]
[Result "1-0"]
[WhiteElo "2471"]
[BlackElo "2447"]
[PlyCount "179"]
[EventDate "2024.08.10"]
[EventType "swiss"]
[EventRounds "9"]
[EventCountry "USA"]
[SourceTitle "EXT 2025"]
[Source "ChessBase"]
[SourceDate "2024.10.14"]
[SourceVersion "1"]
[SourceVersionDate "2024.10.14"]
[SourceQuality "1"]

1. e4 c5 2. Nf3 e6 3. d4 cxd4 4. Nxd4 Nc6 5. Bf4 d6 6. Nxc6 bxc6 7. c4 e5 8. Be3 Ne7 9. Nc3 Rb8 10. Qc2 Qa5 11. 0-0-0 Ng6 12. g3 Be7 13. h4 Nf8 14. f4 Ne6 15. Qa4 Qxa4 16. Nxa4 c5 17. Bh3 Bd7 18. Nc3 Nd4 19. Bxd7+ Kxd7 20. b3 Rhe8 21. Rhf1 f6 22. Rf2 Bd8 23. f5 Rb7 24. g4 Kc6 25. g5 Rf8 26. Rg1 a5 27. Rg4 Re8 28. Bd2 Rf8 29. Kd1 fxg5 30. hxg5 g6 31. f6 Rff7 32. Rh4 Kd7 33. Rh3 Ke6 34. Rfh2 Ra7 35. Bc1 Rab7 36. Be3 Nc6 37. Rh6 Rfd7 38. R2h3 Rf7 39. Na4 Rfd7 40. Ke1 Nd4 41. Bc1 Nc2+ 42. Kf1 Nb4 43. Rh2 Rbc7 44. Be3 Rf7 45. Rd2 Na6 46. Nc3 Nb4 47. Na4 Na6 48. Ke2 Rc6 49. Kd1 Rcc7 50. Kc1 Rcd7 51. Kb1 Rc7 52. Nc3 Rb7 53. Nb5 Bc7 54. Rh1 Bb8 55. a3 Rfd7 56. Ka2 Rf7 57. Rdh2 Rbd7 58. Bd2 Bc7 59. Bc3 Nb8 60. Bd2 Nc6 61. Nc3 Bd8 62. Rh3 Rb7 63. Nd5 Ra7 64. Bc3 Rfb7 65. Rb1 Rf7 66. Bd2 Rfb7 67. Nc3 Rf7 68. Rf1 Rab7 69. Nd5 Ra7 70. Ne3 Rfb7 71. Nd5 Rf7 72. Ne3 Rfb7 73. Nf5 gxf5 74. exf5+ Kf7 75. Rxh7+ Kg8 76. Rh6 Rh7 77. g6 Rxh6 78. f7+ Rxf7 79. gxf7+ Kxf7 80. Bxh6 Kf6 81. Kb2 Nd4 82. Rh1 Kxf5 83. Bf8 Ke6 84. Rh6+ Kf7 85. Bxd6 Nf5 86. Rh7+ Ke6 87. Bxc5 e4 88. Kc2 Ke5 89. Rd7 Bg5 90. b4 1-0

[Event "Washington op 11th"]
[Site "Rockville"]
[Date "2024.08.11"]
[Round "3"]
[White "Swaminathan, Pranav"]
[Black "Hardaway, Brewington"]
[Result "0-1"]
[WhiteElo "2021"]
[BlackElo "2471"]
[PlyCount "116"]
[EventDate "2024.08.10"]
[EventType "swiss"]
[EventRounds "9"]
[EventCountry "USA"]
[SourceTitle "EXT 2025"]
[Source "ChessBase"]
[SourceDate "2024.10.14"]
[SourceVersion "1"]
[SourceVersionDate "2024.10.14"]
[SourceQuality "1"]

1. d4 d5 2. c4 e6 3. Nf3 Nf6 4. g3 Bb4+ 5. Bd2 Be7 6. Bg2 0-0 7. 0-0 c6 8. Qc2 Nbd7 9. Bf4 a5 10. Rd1 h6 11. h4 a4 12. a3 Qa5 13. Nbd2 Nh5 14. Be3 f5 15. Nf1 Bd6 16. Bd2 Qd8 17. e3 Rf7 18. Bb4 Bc7 19. Ne5 Bxe5 20. dxe5 Nxe5 21. e4 fxe4 22. Qxe4 Qf6 23. Qe2 Qf5 24. Ne3 Nf3+ 25. Bxf3 Qxf3 26. Qxf3 Rxf3 27. Kg2 Rf7 28. Ng4 Rc7 29. Bc5 Nf6 30. Ne5 Bd7 31. f3 Be8 32. Rac1 Ra6 33. g4 Nd7 34. Bd6 Nxe5 35. Bxe5 Rd7 36. f4 Bg6 37. g5 h5 38. Kf2 Be4 39. cxd5 exd5 40. Rc4 Bf5 41. Rc5 Kf7 42. Rd4 Ke6 43. Rc1 Be4 44. Rc5 Kf5 45. Rc1 Re7 46. Ke3 g6 47. Bf6 Re6 48. Be5 b6 49. Kf2 c5 50. Rd2 Ra5 51. Re1 Rb5 52. Re3 Rb3 53. Rxb3 axb3 54. Kg3 d4 55. Rd1 Rxe5 56. fxe5 Kxe5 57. Rf1 c4 58. Rc1 c3 0-1

[Event "USA-ch U20"]
[Site "Saint Louis"]
[Date "2024.07.23"]
[Round "7"]
[White "Woodward, Andy"]
[Black "Hardaway, Brewington"]
[Result "1/2-1/2"]
[WhiteElo "2523"]
[BlackElo "2459"]
[PlyCount "86"]
[EventDate "2024.07.16"]
[EventType "tourn"]
[EventRounds "9"]
[EventCountry "USA"]
[EventCategory "9"]
[SourceTitle "EXT 2025"]
[Source "ChessBase"]
[SourceDate "2024.10.14"]
[SourceVersion "1"]
[SourceVersionDate "2024.10.14"]
[SourceQuality "1"]

1. d4 d5 2. c4 e6 3. Nf3 Nf6 4. g3 Be7 5. Bg2 0-0 6. 0-0 c6 7. Qc2 b6 8. Bf4 Nbd7 9. Nbd2 Bb7 10. e4 dxc4 11. Nxc4 c5 12. Rfe1 cxd4 13. Nd6 Bxd6 14. Bxd6 Rc8 15. Qb1 e5 16. Bxf8 Qxf8 17. Qd1 Qd6 18. Nd2 Nc5 19. Qf3 Ne6 20. Qb3 h5 21. Rac1 Rd8 22. Nc4 Qb8 23. Qa3 h4 24. Nd2 g6 25. f3 Kg7 26. Kf2 Rh8 27. Nc4 Nc5 28. b4 Ne6 29. Nb2 Ng5 30. b5 hxg3+ 31. hxg3 Rh2 32. Qe7 Qh8 33. Rh1 Ngxe4+ 34. fxe4 Bxe4 35. Rcf1 Bxg2 36. Ke1 Bxf1 37. Rxf1 Ng4 38. Rxf7+ Kh6 39. Rf8 Qg7 40. Rf7 Qg8 41. Rf8 Qg7 42. Rf7 Qg8 43. Rf8 Qg7 1/2-1/2